Security information and event management (SIEM) implementation / (Record no. 94920)
[ view plain ]
| 000 -LEADER | |
|---|---|
| fixed length control field | 02344nam a22002657a 4500 |
| 005 - DATE AND TIME OF LATEST TRANSACTION | |
| control field | 20150910125027.0 |
| 010 ## - LCCN (DPL NO) | |
| LC control number | ENG-113475 |
| 020 ## - INTERNATIONAL STANDARD BOOK NUMBER | |
| Terms of availability | 655.00 |
| International Standard Book Number | 10007106662 |
| 020 ## - INTERNATIONAL STANDARD BOOK NUMBER | |
| Terms of availability | 655.00 |
| International Standard Book Number | 9780071076661 |
| 035 ## - SYSTEM CONTROL NUMBER | |
| System control number | EN-97007 |
| 037 ## - SOURCE OF ACQUISITION | |
| Source of stock number/acquisition | DBAD/PUB |
| 082 ## - DEWEY DECIMAL CLASSIFICATION NUMBER | |
| Classification number | 005.8 |
| 245 ## - TITLE STATEMENT | |
| Title | Security information and event management (SIEM) implementation / |
| Statement of responsibility, etc | by David R. Miller...[et al] |
| 260 ## - PUBLICATION, DISTRIBUTION, ETC. (IMPRINT) | |
| Place of publication, distribution, etc | New Delhi |
| Name of publisher, distributor, etc | Tata McGraw Hill |
| Date of publication, distribution, etc | 2011 |
| 270 ## - ADDRESS | |
| Address | 7, West Patel Nagar |
| City | New Delhi |
| Postal code | 110008 |
| 300 ## - PHYSICAL DESCRIPTION | |
| Extent | xxxiv,430p.: |
| Dimensions | 24cm(pbk) |
| Other physical details | ill. |
| 500 ## - GENERAL NOTE | |
| General note | Includes index |
| 505 ## - FORMATTED CONTENTS NOTE | |
| Formatted contents note | Machine generated contents note: Part I: Introduction to Threat Intelligence For IT Systems -- Chapter 1 Business Models -- Chapter 2 Threat Models -- Chapter 3 Compliance -- Part II: IT Threat Intelligence Using SIEM Systems -- Chapter 4 SIEM Concepts - Components for small and medium size businesses -- Chapter 5 The Anatomy of a SIEM -- Chapter 6 Incident Response -- Chapter 7 Using SIEM for Business Intelligence -- Part III: SIEM Tools -- Chapter 8 AlienVault OSSIM Implementation -- Chapter 9 AlienVault OSSIM Operation -- Chapter 10 Cisco Security-MARS Implementation -- Chapter 11 Cisco Security-MARS Advanced Techniques -- Chapter 12 Q1 Labs QRadar Implementation -- Chapter 13 Q1 Labs QRadar Advanced Techniques -- Chapter 14 ArcSight Implementation -- Chapter 15 ArcSight ESM Advanced Techniques -- Appendix SmartBook. |
| 520 ## - SUMMARY, ETC. | |
| Summary, etc | "Effectively manage the security information and events produced by your network with help from this authoritative guide. Written by IT security experts, Security Information and Event Management (SIEM) Implementation shows you how to deploy SIEM technologies to monitor, identify, document, and respond to security threats and reduce false-positive alerts. The book explains how to implement SIEM products from different vendors, and discusses the strengths, weaknesses, and advanced tuning of these systems. You’ll also learn how to use SIEM capabilities for business intelligence. Real-world case studies are included in this comprehensive resource"-- |c Provided by publisher. |
| 650 ## - SUBJECT ADDED ENTRY--TOPICAL TERM | |
| Topical term or geographic name as entry element | Computer networks |
| General subdivision | Security measures. |
| 650 ## - SUBJECT ADDED ENTRY--TOPICAL TERM | |
| Topical term or geographic name as entry element | Computers |
| General subdivision | Access control. |
| 650 ## - SUBJECT ADDED ENTRY--TOPICAL TERM | |
| Topical term or geographic name as entry element | Application logging (Computer science) |
| 700 ## - ADDED ENTRY--PERSONAL NAME | |
| Personal name | Miller, David |
| 942 ## - ADDED ENTRY ELEMENTS (KOHA) | |
| Source of classification or shelving scheme | Dewey Decimal Classification |
| Item type | English Books |
| Call number suffix | SEC |
| Classification part | 005.8 |
| Withdrawn status | Lost status | Not for loan | Collection code | Home library | Current library | Date acquired | Source of acquisition | Cost, normal purchase price | Full call number | Barcode | Copy number | Cost, replacement price | Koha item type |
|---|---|---|---|---|---|---|---|---|---|---|---|---|---|
| Not For Loan | Non-fiction | D.B.Act.Division | D.B.Act.Division | 15/07/2015 | DBAD/PUB | 655.00 | 005.8 SEC | EN-97007 | 1 | 655.00 | English Books |
